000 01195 a2200205 4500
003 Nust
005 20170207153251.0
010 _a 76095803
020 _a0070266735
040 _cNust
082 0 0 _a620.11
100 1 _aHarper, Charles A.
245 1 0 _aHandbook of materials and processes for electronics.
_cCharles A. Harper, editor.
260 _aNew York,
_bMcGraw-Hill
_c[1970]
300 _a1 v. (various pagings)
_billus.
_c23 cm.
505 _aPlastics For Electronics (Page-1-1), Laminates, Reinforced Plastics And Composite Structures (Page-2-1), Elastomers (Page-3-1), Wires And Cables (Page-4-1), Coating For Electronics (Page-5-1), Ceramics Glasses And Micas (Page-6-1), Semiconductor Materials (Page-7-1), Ferrous Metals (Page-8-1), Nonferrous Metals (Page-9-1), Metallic And Chemical Finishes On Metals And Nonconductors (Page-10-1), Thin Films (Page-11-1), Thick Films (Page-12-1), Metals Joining Of Electronic Circuitry (Page-13-1), Photofabrication (Page-14-1), Materials For The Space Environment (Page-15-1)
538 _aAlmirah No.29 Shelf No.3
650 0 _aElectronics
_xMaterials
_xHandbooks, manuals, etc.
650 0 _aManufacturing processes
_xHandbooks, manuals, etc.
942 _2ddc
_cBK
999 _c182807
_d182807